Academic discourse and global publishing disciplinary persuasion in changing times

Сохранить в:
Библиографические подробности
Главный автор: HYLAND, Ken Jiang Feng (Kevin)
Формат:
Язык:английский
Опубликовано: Routledge 2019
Метки: Добавить метку
Нет меток, Требуется 1-ая метка записи!

MARC

LEADER 00000nam a22000007a 4500
008 230613b |||||||| |||| 00| 0 eng d
020 |a 9781138359024 
100 |a HYLAND, Ken  |a Jiang Feng (Kevin) 
245 |a Academic discourse and global publishing  |b  disciplinary persuasion in changing times  |c Ken Hyland and Feng (Kevin) Jiang  |g xiv, 261p;ill 
260 |b Routledge  |c 2019  |h London  |i 699734   |i 699735  |l P301.5.A27H99  |m Academic writing  |m Scholarly publishing  |m Linguistic change 
500 |a it includes references and index 
942 |a lcc  |c BK  |e Johnson  |f 13/06/23 
952 |0 0  |1 0  |2 lcc  |4 0  |6 P03015 A27 H99  |7 0  |9 4234  |a ED  |b HOL  |c LP  |d 2023-06-13  |l 0  |o P301.5.A27H99  |p 2023-0163  |r 2023-06-13 00:00:00  |t 699734  |w 2023-06-13  |y BK 
952 |0 0  |1 0  |2 lcc  |4 0  |6 P03015 A27 H99  |7 0  |9 4235  |a HOL  |b HOL  |c LP  |d 2023-06-13  |l 0  |o P301.5.A27H99  |p 2023-0164  |r 2023-06-13 00:00:00  |t 699735  |w 2023-06-13  |y BK 
999 |c 2125  |d 2125